Empowerment in practice : (Record no. 12234)
[ view plain ]
| 000 -LEADER | |
|---|---|
| fixed length control field | 00619cam a22002174a 4500 |
| 020 ## - INTERNATIONAL STANDARD BOOK NUMBER | |
| ISBN | 0821364502 |
| 020 ## - INTERNATIONAL STANDARD BOOK NUMBER | |
| ISBN | 9780821364505 |
| 040 ## - CATALOGING SOURCE | |
| Transcribing agency | DLC |
| 082 00 - DEWEY DECIMAL CLASSIFICATION NUMBER | |
| Classification number | 307 WOR 2006 A019 Or. |
| 100 1# - MAIN ENTRY--AUTHOR NAME | |
| Personal name | Alsop, Ruth. |
| 245 10 - TITLE STATEMENT | |
| Title | Empowerment in practice : |
| Remainder of title | from analysis to implementation / |
| 260 ## - PUBLICATION, DISTRIBUTION, ETC. (IMPRINT) | |
| Place of publication | Washington, DC : |
| Name of publisher | World Bank, |
| Year of publication | c2006. |
| 300 ## - PHYSICAL DESCRIPTION | |
| Number of Pages | xiv, 371 p. : |
| Other physical details | ill. ; |
| Dimensions | 23 cm. |
| 490 1# - SERIES STATEMENT | |
| Series statement | Directions in development |
| 650 #0 - SUBJECT ADDED ENTRY--TOPICAL TERM | |
| Topical Term | Community development. |
| 650 #0 - SUBJECT ADDED ENTRY--TOPICAL TERM | |
| Topical Term | Social planning. |
| 650 #0 - SUBJECT ADDED ENTRY--TOPICAL TERM | |
| Topical Term | Economic development |
| 700 1# - ADDED ENTRY--PERSONAL NAME | |
| Personal name | Bertelsen, Mette Frost, |
| 700 1# - ADDED ENTRY--PERSONAL NAME | |
| Personal name | Holland, Jeremy, |
| 942 ## - ADDED ENTRY ELEMENTS (KOHA) | |
| Koha item type | សៀវភៅភាសាអង់គ្លេស |
| 952 ## - LOCATION AND ITEM INFORMATION (KOHA) | |
| Withdrawn status [LOCAL, KOHA] | 0 |
| Permanent Location | Date acquired | Koha item type | Lost status | Shelving location | Barcode | Current Location | Full call number |
|---|---|---|---|---|---|---|---|
| Library Block A | 2017-08-11 | សៀវភៅភាសាអង់គ្លេស | A019 | A09232 | Library Block A | 307 WOR 2006 A019 Or. |